<?xml version="1.0" encoding="UTF-8"?>
<record
    xmlns:xsi="http://www.w3.org/2001/XMLSchema-instance"
    xsi:schemaLocation="http://www.loc.gov/MARC21/slim http://www.loc.gov/standards/marcxml/schema/MARC21slim.xsd"
    xmlns="http://www.loc.gov/MARC21/slim">

  <leader>00901na  a2200277   4500</leader>
  <controlfield tag="001">23719</controlfield>
  <controlfield tag="003">MIRAKIL</controlfield>
  <controlfield tag="005">20181213155259.0</controlfield>
  <controlfield tag="008">171214b        tu            000 0      </controlfield>
  <datafield tag="020" ind1=" " ind2=" ">
    <subfield code="a">9786053992882</subfield>
  </datafield>
  <datafield tag="040" ind1=" " ind2=" ">
    <subfield code="a">Milas</subfield>
    <subfield code="b">tur</subfield>
    <subfield code="c">TR-AnCHP</subfield>
  </datafield>
  <datafield tag="041" ind1=" " ind2=" ">
    <subfield code="a">tur</subfield>
  </datafield>
  <datafield tag="082" ind1=" " ind2=" ">
    <subfield code="a">332.49561015</subfield>
    <subfield code="b">B74o 2013</subfield>
  </datafield>
  <datafield tag="090" ind1=" " ind2=" ">
    <subfield code="a">332.49561015 B74o 2013</subfield>
  </datafield>
  <datafield tag="100" ind1=" " ind2=" ">
    <subfield code="a">B&#xF6;l&#xFC;kba&#x15F;&#x131;, &#xD6;mer&#xFC;l Faruk</subfield>
  </datafield>
  <datafield tag="245" ind1=" " ind2=" ">
    <subfield code="a">18. y&#xFC;zy&#x131;l&#x131;n ikinci yar&#x131;s&#x131;nda Darphane-i Amire</subfield>
    <subfield code="c">&#xD6;mer&#xFC;l Faruk B&#xF6;l&#xFC;kba&#x15F;&#x131;</subfield>
  </datafield>
  <datafield tag="260" ind1=" " ind2=" ">
    <subfield code="a">&#x130;stanbul</subfield>
    <subfield code="b">&#x130;stanbul Bilgi &#xDC;niversitesi</subfield>
    <subfield code="c">2013</subfield>
    <subfield code="f">sena ofset</subfield>
  </datafield>
  <datafield tag="300" ind1=" " ind2=" ">
    <subfield code="a">xx, 258 s.</subfield>
    <subfield code="b">res., &#x15F;kl., tbl.</subfield>
    <subfield code="c">24 sm.</subfield>
  </datafield>
  <datafield tag="440" ind1=" " ind2=" ">
    <subfield code="a">&#x130;stanbul Bilgi &#xDC;niversitesi Yay&#x131;nlar&#x131;</subfield>
    <subfield code="v">430</subfield>
  </datafield>
  <datafield tag="490" ind1=" " ind2=" ">
    <subfield code="a">Tarih</subfield>
    <subfield code="v">46</subfield>
  </datafield>
  <datafield tag="504" ind1=" " ind2=" ">
    <subfield code="a">Kaynak&#xE7;a ve dizin var.</subfield>
  </datafield>
  <datafield tag="650" ind1=" " ind2=" ">
    <subfield code="a">Para</subfield>
    <subfield code="x">T&#xFC;rkiye</subfield>
    <subfield code="y">Tarih</subfield>
  </datafield>
  <datafield tag="650" ind1=" " ind2=" ">
    <subfield code="a">Finans</subfield>
    <subfield code="x">T&#xFC;rkiye</subfield>
    <subfield code="y">Tarih</subfield>
    <subfield code="y">18.yy</subfield>
  </datafield>
  <datafield tag="650" ind1=" " ind2=" ">
    <subfield code="a">Para politikas&#x131;</subfield>
    <subfield code="x">T&#xFC;rkiye</subfield>
    <subfield code="y">Tarih</subfield>
  </datafield>
  <datafield tag="942" ind1=" " ind2=" ">
    <subfield code="2">ddc</subfield>
    <subfield code="c">BKS</subfield>
  </datafield>
  <datafield tag="952" ind1=" " ind2=" ">
    <subfield code="a">0001</subfield>
    <subfield code="b">0001</subfield>
    <subfield code="d">2017-12-14</subfield>
    <subfield code="e">2</subfield>
    <subfield code="l">0</subfield>
    <subfield code="o">332.49561015 B74o 2013</subfield>
    <subfield code="p">017711</subfield>
    <subfield code="r">2017-12-14 00:00:00</subfield>
    <subfield code="v">0.00</subfield>
    <subfield code="w">2017-12-14</subfield>
    <subfield code="y">BKS</subfield>
  </datafield>
  <datafield tag="999" ind1=" " ind2=" ">
    <subfield code="c">9877</subfield>
    <subfield code="d">9877</subfield>
  </datafield>
</record>
